000 01594nam a2200325 a 4500
001 ebr10055129
003 CaPaEBR
006 m u
007 cr cn|||||||||
008 920407s1992 dcua sb f000 0 eng
010 _z 92060301
020 _z0309047277
040 _aCaPaEBR
_cCaPaEBR
035 _a(OCoLC)43475737
050 1 4 _aQ127.U6
_bC63 1992eb
082 0 4 _a338.97306
_220
110 2 _aCommittee on Science, Engineering, and Public Policy (U.S.).
_bPanel on Presidentially Appointed Scientists and Engineers.
245 1 0 _aScience and technology leadership in American government
_h[electronic resource] :
_bensuring the best presidential appointments /
_cPanel on Presidentially Appointed Scientists and Engineers, Committee on Science, Engineering, and Public Policy.
260 _aWashington, D.C. :
_bNational Academy Press,
_c1992.
300 _aix, 90 p. :
_bill.
504 _aIncludes bibliographical references (p. 89-90).
533 _aElectronic reproduction.
_bPalo Alto, Calif. :
_cebrary,
_d2013.
_nAvailable via World Wide Web.
_nAccess may be limited to ebrary affiliated libraries.
650 0 _aScience and state
_zUnited States.
650 0 _aTechnology and state
_zUnited States.
650 0 _aGovernment executives
_xSelection and appointment
_zUnited States.
650 0 _aCabinet officers
_xSelection and appointment
_zUnited States.
655 7 _aElectronic books.
_2local
710 2 _aebrary, Inc.
856 4 0 _uhttp://site.ebrary.com/lib/rucke/Doc?id=10055129
_zAn electronic book accessible through the World Wide Web; click to view
999 _c165995
_d165995